000 00332nam a2200133Ia 4500
008 210210b1920 xxu||||| |||| 00| 0 eng d
041 _aeng
082 _a822/701
100 _aLEONARD (R M)
245 _aPageant of English prose
260 _aLondon
_bOxford University Press
_c1920
690 _aEnglish Prose
906 _a012885
999 _c131714
_d131714